000 00655nam a2200265Ia 4500
001 27720
005 20240114001015.0
007 ta
008 060529s g b000 u 465 u
040 _aCotton College,Assam
041 _a465
082 _a355.3
_bH 251 Eu
100 _aHart, Liddell .
245 0 _aEurope in Arms /
_cLiddell Hart.
_hTextual Documents
250 _a1st ed. /
260 _aLondon :
_bFaber And Faber ,
_cNd.
300 _a348p. ;
_c22cm.
504 _aIndex
653 _aArms-Europe
653 _aArmy-Europe
653 _aG-Economics
942 _2ddc
_cBK
999 _c27702
_d27702